[Event "IECC CL6-2002.02"]
[Site "IECC email"]
[Date "2002.01.25"]
[Round "?"]
[White "Fore, Troy"]
[Black "Sala, Stefano"]
[Result "0-1"]
[WhiteElo "1299"]
[BlackElo "1530"]
[PlyCount "74"]
[EventDate "2002.??.??"]
[EventType "tourn (corr)"]
[EventRounds "4"]
[SourceTitle "Corr 2008"]
[Source "ChessBase"]
[SourceDate "2008.06.24"]
[SourceVersion "1"]
[SourceVersionDate "2008.06.24"]
[SourceQuality "1"]

1. d4 Nf6 2. c4 g6 3. Nc3 d5 4. cxd5 Nxd5 5. Nf3 Nxc3 6. bxc3 Bg7 7. e3 e6 8. Ba3 b6 9. Bd3 Bb7 10. Qa4+ Qd7 11. Qb4 Nc6 12. Qc4 0-0-0 13. 0-0 e5 14. Rad1 Na5 15. Qb4 e4 16. Bb5 Qf5 17. Ne5 f6 18. Qe7 Bf8 19. Bd7+ Rxd7 20. Qxd7+ Qxd7 21. Nxd7 Kxd7 22. Bb4 Ba6 23. Rfe1 Nc4 24. d5 Bh6 25. Rd4 f5 26. f3 Bxe3+ 27. Rxe3 Nxe3 28. fxe4 fxe4 29. Rxe4 Nxd5 30. Rd4 Kc6 31. a3 Re8 32. c4 Ne3 33. h3 Bxc4 34. Bd2 Bd5 35. Rd3 Nxg2 36. Rc3+ Kd6 37. Rc1 Re2 0-1